00594cam a22001697a 4500008004000000020001800040082001500058100001900073245011000092260002400202300001000226440003500236650001900271650003100290650002000321650008300341180718b2017 xxu||||| |||| 00| 0 eng d a9789351282716 aA99 Am16/5 aAmbedkar, B.R. aWho were the shudras ? : how they came to be the fourth varna in the Indo-Aryan societycby B.R. Ambedkar aDelhibKalpazc2017 a259p. aTreasure of Ambedkar series 05 aCaste -- India aIndia -- Social conditions aDalits -- India aAmbedkar, B. R. -- (Bhimrao Ramji), -- 1891-1956 -- Political and social views